| 000 | 02648nam a2200541 i 4500 | ||
|---|---|---|---|
| 001 | in00024271888 | ||
| 005 | 20260224093336.0 | ||
| 008 | 250616t20252025nyua c 6 000 0 eng | ||
| 010 | _a 2025941303 | ||
| 020 |
_a9780063381452 _q(hbk.) |
||
| 020 |
_a9780063381445 _q(pbk.) |
||
| 035 | _a(OCoLC)1573766480 | ||
| 040 |
_aDLC _beng _erda _cDLC |
||
| 042 | _apcc | ||
| 050 | 4 |
_aPZ7.7.Y47 _bCat 2025 v. 6 |
|
| 082 | 0 | 4 |
_a741.5/973 _223/eng/20260218 |
| 100 | 1 |
_aYi, Susie, _eauthor, _eartist. _96429187 |
|
| 245 | 1 | 0 |
_aCat & Cat adventures. _n6, _pThe lair of the owl king / _cSusie Yi. |
| 246 | 3 |
_aCat and Cat adventures. _n6, _pThe lair of the owl king |
|
| 246 | 3 | 0 | _aLair of the owl king |
| 250 | _aFirst edition. | ||
| 264 | 1 |
_aNew York, NY : _bHarperAlley, an imprint of HarperCollinsPublishers, _c[2025] |
|
| 264 | 4 | _c�2025 | |
| 300 |
_a94 pages : _bcolor illustrations ; _c19 cm. |
||
| 336 | _atext | ||
| 336 | _astill image | ||
| 337 | _aunmediated | ||
| 338 | _avolume | ||
| 490 | 1 |
_aCat & Cat adventures ; _v6 |
|
| 521 | 1 |
_aAges 6-10 _bHarperAlley |
|
| 521 | 2 |
_aGrades 2-3 _bHarperAlley |
|
| 520 | _a"Into the belly of the beast! After recovering the orbs of the Past and Present, Squash, Ginny, and the rest of the crew head to the zoo to secure the Orb of the Future from their greatest enemy yet: the Owl King. But their mission will be no easy feat. After all, the Owl King holds the Orb of the Future, which means he knows their next move even before they do. Their best plan of attack: to have no plan at all! Armed with nothing but their wits (and some snacks, of course) the Spirit Squad must find a way to rescue the third orb and restore the Staff of Knowledge. If not, the Spirit Realm, Human World, and the future of snacking all hang in the balance!"--Provided by publisher. | ||
| 650 | 0 |
_aCats _vComic books, strips, etc. _95686642 |
|
| 650 | 0 |
_aMagic _vComic books, strips, etc. _95676300 |
|
| 650 | 0 |
_aQuests (Expeditions) _vComic books, strips, etc. _95776032 |
|
| 650 | 0 |
_aFriendship _vComic books, strips, etc. _95688309 |
|
| 650 | 1 |
_aCats _vFiction. _95674208 |
|
| 650 | 1 |
_aMagic _vFiction. _95673694 |
|
| 650 | 1 |
_aQuests (Expeditions) _vFiction. _95676172 |
|
| 650 | 1 |
_aFriendship _vFiction. _95673769 |
|
| 650 | 1 | _aCartoons and comics. | |
| 655 | 7 |
_aFunny animal comics. _2lcgft _96020097 |
|
| 655 | 7 |
_aFantasy comics. _2lcgft |
|
| 655 | 7 |
_aHumorous comics. _2lcgft _95716565 |
|
| 655 | 7 |
_aGraphic novels. _2lcgft |
|
| 655 | 7 |
_aComics (Graphic works) _2lcgft _95689343 |
|
| 800 | 1 |
_aYi, Susie. _tCat & cat adventures ; _v6. _96453920 |
|
| 999 |
_c416634 _d416634 |
||